| 000 | 02460cam a22002174a 4500 | ||
|---|---|---|---|
| 005 | 20250605163532.0 | ||
| 008 | 250528s ||||||||||||||||||||||||d | ||
| 035 | _a21272 | ||
| 020 | _a97896077452903 | ||
| 040 |
_aGR-AtMCL _bgre _dGR-AtMCL _eAACR2 |
||
| 245 | 1 | _aΜάρκετινγκ Υπηρεσιών / Β' 'Εκδοση | |
| 250 | _a2η | ||
| 260 |
_bRosili, _c2012 |
||
| 300 | _a408 | ||
| 505 | 0 | _aΠρόλογος, Έννοια των Υπηρεσιών και η Σημασία τους στην Ελληνική Οικονομία, Τα Συστήματα Ταξινόμησης των Υπηρεσιών, Ποιότητα Υπηρεσιών, Εξυπηρέτηση Πελατών, Διοίκηση του Ανθρώπινου Παράγοντα και η Οπτική του Μάρκετινγκ, Ο Ρόλος της Οργάνωσης των Διαδικασιών Εξυπηρέτησης στη Διαμόρφωση της Εμπειρίας του Πελάτη, Διοίκηση του Χαρτοφυλάκιου των Προιόντων μιας Επιχείρησης Παροχής Υπηρεσιών, Τιμολόγηση Υπηρεσιών, Τεχνικές Επικοινωνίας, Διοίκηση Διανομής για Επιχειρήσεις Παροχής Υπηρεσιών, Μάρκετινγκ Βιομηχανικών Υπηρεσιών. | |
| 520 | _aΠρόλογος, Έννοια των Υπηρεσιών και η Σημασία τους στην Ελληνική Οικονομία, Τα Συστήματα Ταξινόμησης των Υπηρεσιών, Ποιότητα Υπηρεσιών, Εξυπηρέτηση Πελατών, Διοίκηση του Ανθρώπινου Παράγοντα και η Οπτική του Μάρκετινγκ, Ο Ρόλος της Οργάνωσης των Διαδικασιών Εξυπηρέτησης στη Διαμόρφωση της Εμπειρίας του Πελάτη, Διοίκηση του Χαρτοφυλάκιου των Προιόντων μιας Επιχείρησης Παροχής Υπηρεσιών, Τιμολόγηση Υπηρεσιών, Τεχνικές Επικοινωνίας, Διοίκηση Διανομής για Επιχειρήσεις Παροχής Υπηρεσιών, Μάρκετινγκ Βιομηχανικών Υπηρεσιών. | ||
| 700 | 1 | _aΓούναρης Σπύρος | |
| 942 | _cBK | ||
| 999 |
_c6337 _d6337 |
||